000 00340nam a2200157Ia 4500
100 _aVaz/Michael
250 _a4
942 _cBK
366 _f15
654 _aProduction planning
245 _aManagement and Production Planning
260 _bManan Prakashan
_c2007
082 _a658.5/VAZ
_bVAZ
300 _a310
546 _aENGLISH
999 _c34976
_d34976